00918 a2200193 4500010001400000020001100014035001300025037001500038082000800053111016100061245022200222260007800444270010400522300002200626700001900648700002100667700002200688700001400710 aENG-88520 c450.00 aEN-72053 bDBAD / PUB14a020 1aIATLIS National Seminar on Manpower Development for Information Management in Competitive EnvironmentcBhubhaneshwar, Orissa(India)d1-3 December, 2002nXIX 1aManpower development for information management in competitive environment:cedited by N. Laxman Rao ... [et al]bseminar papers XIX IATLIS National seminar, Utkal University, Bhubaneshwar (Orissa) 1-3 December, 2002/ aHyderabadbIndian Asso. of Teachers of Lib. & Inf. Science (IATLIS)c2003 aC/o Deptt. of Library & Information Science, Osmania UniversitybHyderabade500 007cAndhra Pradesh a353p.c21cm (Hb) aLaxman Rao, N. aVishwa Mohan, V. aSudarshan Rao, S. aPadhi, P.